[Event "SVK-chT1W 2122"]
[Site "Slovakia"]
[Date "2022.04.23"]
[Round "8.1"]
[White "Jakab, Bela"]
[Black "Lipka, Juraj"]
[Result "1-0"]
[WhiteElo "2344"]
[BlackElo "2379"]
[PlyCount "61"]
[EventDate "2021.11.06"]
[EventType "team-tourn"]
[EventRounds "11"]
[EventCountry "SVK"]
[SourceTitle "EXT 2023"]
[Source "ChessBase"]
[SourceDate "2022.10.05"]
[SourceVersion "1"]
[SourceVersionDate "2022.10.05"]
[SourceQuality "1"]
[WhiteTeam "Komarno"]
[BlackTeam "Bratislava Lokomotiva"]
[WhiteTeamCountry "SVK"]
[BlackTeamCountry "SVK"]

1. e4 e6 2. d4 d5 3. Nc3 Nf6 4. exd5 exd5 5. Bd3 Be7 6. Nge2 0-0 7. Bf4 c6 8. Qd2 Nbd7 9. f3 b5 10. 0-0 a5 11. Kh1 Nb6 12. a4 b4 13. Nd1 Nc4 14. Qe1 Re8 15. b3 Nd6 16. Ng3 Be6 17. Qd2 Rc8 18. Ne3 g6 19. Rae1 Nd7 20. Ng4 Bxg4 21. fxg4 c5 22. Qf2 Rf8 23. Qe3 Re8 24. Qf3 Rf8 25. Qxd5 Nf6 26. Qf3 cxd4 27. Rxe7 Qxe7 28. Bg5 Nde8 29. Ne4 Nxe4 30. Bxe7 Nd2 31. Qf2 1-0

[Event "AUT-chT2O 2122"]
[Site "Austria"]
[Date "2022.03.13"]
[Round "9.1"]
[White "Lipka, Juraj"]
[Black "Wukits, Rene"]
[Result "1-0"]
[WhiteElo "2407"]
[BlackElo "2324"]
[PlyCount "61"]
[EventDate "2021.10.16"]
[EventType "team-tourn"]
[EventRounds "11"]
[EventCountry "AUT"]
[SourceTitle "EXT 2023"]
[Source "ChessBase"]
[SourceDate "2022.10.05"]
[SourceVersion "1"]
[SourceVersionDate "2022.10.05"]
[SourceQuality "1"]
[WhiteTeam "Pamhagen II"]
[BlackTeam "Mattersburg"]
[WhiteTeamCountry "AUT"]
[BlackTeamCountry "AUT"]

1. d4 d5 2. c4 e6 3. Nf3 c6 4. g3 Nf6 5. Bg2 Be7 6. 0-0 0-0 7. Nc3 Nbd7 8. b3 b6 9. Nd2 Bb7 10. e4 e5 11. exd5 cxd5 12. Nxd5 Nxd5 13. cxd5 Bf6 14. Ne4 exd4 15. Ba3 Nc5 16. Nxc5 bxc5 17. Bxc5 Bxd5 18. Bxd5 Qxd5 19. Bxf8 Kxf8 20. Qd3 h5 21. h4 Rd8 22. Rac1 g6 23. Rc7 a5 24. Rfc1 Be7 25. Rc8 Kg7 26. Rxd8 Bxd8 27. Rc4 Bb6 28. a3 Kf6 29. b4 Ke5 30. Rc2 axb4 31. axb4 1-0